[Event "ch-USA Seniors 2025"]
[Site "Saint Louis USA"]
[Date "2025.07.24"]
[Round "9.1"]
[White "Goldin, Alexander"]
[Black "Shabalov, Alexander"]
[Result "0-1"]
[WhiteTitle "GM"]
[BlackTitle "GM"]
[WhiteElo "2541"]
[BlackElo "2478"]
[WhiteFideId "2019540"]
[BlackFideId "2008572"]
[EventDate "2025.07.15"]

1. d4 d5 2. Nf3 Nf6 3. g3 c6 4. Bg2 Bg4 5. O-O Nbd7 6. c4 e6 7. b3 Bd6 8. Bb2
Qb8 9. Nc3 O-O 10. a4 Re8 11. h3 Bxf3 12. Bxf3 dxc4 13. bxc4 e5 14. e3 Qc7 15.
Bg2 Rad8 16. Qc2 h5 17. c5 Be7 18. Ne2 h4 19. g4 exd4 20. Bxd4 Nf8 21. a5 a6 22.
Rfb1 Ne6 23. Rb3 Nd7 24. Rc3 Ndf8 25. Rb3 Rb8 26. Qc4 Nd7 27. Bc3 Nexc5 28. Rbb1
Ne5 29. Qa2 Bf6 30. Qc2 Qe7 31. Nd4 Ne6 32. Nf5 Qc5 33. Rc1 Rbd8 34. Nd4 Qc4 35.
Qb1 Nd3 36. Rc2 Bxd4 37. Bxd4 Qb4 38. Bb6 Rd7 39. Qf1 Qb3 40. Rd2 Ne5 41. Rxd7
Nxd7 42. Rb1 Qa3 43. Ra1 Qe7 44. Bd4 Nxd4 45. exd4 Nf6 46. Qc4 Rd8 47. Rb1 Rd7
48. Qc5 Qd8 49. Qg5 Rxd4 50. Rxb7 Rd1+ 51. Bf1 Qd3 52. Rb8+ Kh7 53. Qf5+ Qxf5
54. gxf5 Nd5 55. Rc8 Nf4 56. Rxc6 Nxh3+ 57. Kg2 Nf4+ 58. Kf3 Rxf1 59. Kxf4 Rg1
60. Rc3 Ra1 61. Kg4 Rxa5 62. Rh3 Ra4+ 63. f4 f6 64. Rxh4+ Kg8 65. Rh1 a5 66. Rc1
Ra2 67. Rc8+ Kh7 68. Ra8 Ra1 69. Kg3 a4 70. Kg2 a3 71. Kg3 a2 72. Kg2 g6 73.
fxg6+ Kxg6 74. Ra5 f5 75. Kh2 Kf6 76. Kg2 Ke6 77. Kh2 Kd6 78. Kg2 Kc6 79. Ra8
Kc5 80. Ra7 Kc4 81. Ra8 Kd4 82. Ra7 Ke4 0-1

[Event "ch-USA Seniors 2025"]
[Site "Saint Louis USA"]
[Date "2025.07.24"]
[Round "9.2"]
[White "Akopian, Vladimir"]
[Black "Kaidanov, Gregory"]
[Result "1/2-1/2"]
[WhiteTitle "GM"]
[BlackTitle "GM"]
[WhiteElo "2586"]
[BlackElo "2505"]
[WhiteFideId "13300032"]
[BlackFideId "2008564"]
[EventDate "2025.07.15"]

1. e4 e5 2. Nf3 Nc6 3. Bb5 f5 4. d3 fxe4 5. dxe4 Nf6 6. Bg5 d6 7. Nc3 Be7 8. Qd3
O-O 9. O-O-O Kh8 10. Kb1 Bg4 11. Bxf6 Bxf6 12. Rdf1 Bxf3 13. Qxf3 Nd4 14. Qh3 c6
15. Bd3 Qc8 16. Qxc8 Raxc8 17. Ne2 Nxe2 18. Bxe2 Bd8 19. f3 Bb6 20. Rd1 Rcd8 21.
Bc4 g6 22. Rd2 Kg7 23. Rhd1 Bc7 24. a4 a5 25. Rd3 Kf6 26. Rb3 Rb8 27. Rbd3 Ke7
28. Rb3 Kd7 29. Be2 Bd8 30. Rbd3 Be7 31. c3 Kc7 32. Kc2 Ra8 33. Rf1 Rad8 34. Kb3
Kb6 35. Kc2 Kc7 36. Kb3 Kb6 37. Kc2 Kc7 1/2-1/2

[Event "ch-USA Seniors 2025"]
[Site "Saint Louis USA"]
[Date "2025.07.24"]
[Round "9.3"]
[White "Christiansen, Larry"]
[Black "Dlugy, Maxim"]
[Result "0-1"]
[WhiteTitle "GM"]
[BlackTitle "GM"]
[WhiteElo "2571"]
[BlackElo "2514"]
[WhiteFideId "2000059"]
[BlackFideId "2000075"]
[EventDate "2025.07.15"]

1. d4 d5 2. c4 dxc4 3. e3 e5 4. Bxc4 Nc6 5. Nf3 e4 6. Nfd2 Qg5 7. g3 Nf6 8. Nc3
Qg6 9. a3 Bd6 10. Nd5 Ng4 11. Nf4 Bxf4 12. gxf4 Nf6 13. Bf1 O-O 14. h3 Be6 15.
b3 Nxd4 16. exd4 e3 17. Nf3 exf2+ 18. Kxf2 Ne4+ 19. Ke3 Bxb3 20. Ne5 Qg3+ 21.
Qf3 Qe1+ 22. Qe2 Qc3+ 23. Qd3 Qxa1 24. Bg2 Nc3 25. Bd2 Nd1+ 26. Ke2 Ba4 27. Qc4
Qb2 28. Qb4 a5 29. Qxb2 Nxb2 30. Rb1 Bb5+ 31. Kf3 Nc4 32. Rxb5 Nxd2+ 33. Ke3 c6
34. Rxb7 Rab8 35. Bxc6 Rxb7 36. Bxb7 Nb1 37. a4 Nc3 38. Bc6 Rd8 39. Kd3 Nd5 40.
Ke4 Nc3+ 41. Kd3 Nd5 42. Ke4 Nb6 43. d5 f6 44. Nd3 Kf7 45. Kd4 Nc8 46. Nc5 Nd6
47. Nb3 g5 48. fxg5 fxg5 49. Nxa5 h5 50. Nb7 Nxb7 51. Bxb7 Rb8 52. Bc6 Rb3 53.
Ke5 Rxh3 54. Kd6 g4 55. Kc7 Rd3 56. d6 Ke6 57. d7 Ke7 58. a5 g3 59. a6 Rxd7+ 60.
Bxd7 g2 61. a7 g1=Q 62. a8=Q Qg3+ 63. Kb6 Kxd7 64. Qb7+ Ke6 65. Qc8+ Kf6 66.
Qd8+ Kf5 67. Qd7+ Kg5 68. Qd5+ Kh6 69. Kb7 Qg7+ 70. Kc8 Qg4+ 71. Kc7 Qf4+ 72.
Kd7 h4 73. Qe6+ Kh5 74. Qe8+ Kg4 75. Qg8+ Kf3 76. Qd5+ Qe4 77. Qb3+ Kg2 78. Qb2+
Kg3 79. Qc3+ Qf3 80. Qe1+ Kg4 81. Qg1+ Kh5 82. Qc5+ Kg6 83. Qd6+ Qf6 84. Qh2
Qf5+ 85. Kd6 h3 86. Kc7 Qf3 87. Qd6+ Kh5 88. Qe5+ Kg4 89. Qg7+ Kh4 90. Qh6+ Kg3
91. Qg5+ Kf2 92. Qd2+ Kf1 93. Kc8 Qf5+ 94. Kd8 Qf6+ 95. Kd7 Qe5 96. Qd1+ Kf2 97.
Qd2+ Kg3 98. Qd3+ Kg4 99. Qg6+ Kf4 100. Qh6+ Kg3 101. Qg6+ Kf3 102. Qd3+ Qe3
103. Qf5+ Ke2 104. Qh5+ Ke1 105. Qh4+ Kf1 106. Qc4+ Kg2 107. Qg8+ Kf3 108. Qd5+
Qe4 109. Qb3+ Kg4 110. Qg8+ Kf4 111. Qb8+ Qe5 112. Qb4+ Kg5 113. Kc8 h2 114.
Qd2+ Qf4 115. Qd8+ Kg4 116. Qg8+ Kh3 117. Qh8+ Kg3 118. Qc3+ Kf2 119. Qb2+ Kf3
120. Qc3+ Qe3 121. Qf6+ Kg4 122. Qg7+ Kh4 123. Qh8+ Kg3 124. Qg7+ Kf3 125. Qf6+
Ke2 126. Qb2+ Qd2 127. Qb5+ Ke1 128. Qb1+ Ke2 129. Qe4+ Kd1 130. Qh1+ Kc2 131.
Qe4+ Kb3 132. Qb7+ Qb4 133. Qh1 Qc5+ 134. Kb7 Qe7+ 135. Kc8 Qe6+ 136. Kb7 Qd7+
137. Kb8 Qd6+ 138. Kb7 Ka4 139. Kc8 Qe5 140. Kb7 Kb5 141. Qc6+ Kb4 142. Qh1 Qe7+
143. Kc8 Qe6+ 144. Kb7 Qd7+ 145. Kb8 Qd6+ 146. Kb7 Qe5 147. Kc8 Kc5 148. Qc1+
Kb5 149. Qb1+ Ka5 150. Qh1 Kb6 151. Qb7+ Kc5 152. Qh1 Qe8+ 153. Kc7 Qe7+ 154.
Kc8 Qe6+ 0-1

[Event "ch-USA Seniors 2025"]
[Site "Saint Louis USA"]
[Date "2025.07.24"]
[Round "9.4"]
[White "Novikov, Igor"]
[Black "Taylor, Timothy"]
[Result "1-0"]
[WhiteTitle "GM"]
[BlackTitle "IM"]
[WhiteElo "2485"]
[BlackElo "2147"]
[WhiteFideId "14100037"]
[BlackFideId "2000393"]
[EventDate "2025.07.15"]

1. d4 d5 2. c4 c5 3. cxd5 Qxd5 4. Nf3 cxd4 5. Nc3 Qa5 6. Nxd4 Nf6 7. a3 e5 8.
Nb3 Qc7 9. e4 Bg4 10. f3 Be6 11. Be3 Nc6 12. Nb5 Qb8 13. Nc5 Bc8 14. Rc1 Be7 15.
Bc4 O-O 16. O-O b6 17. Nd3 Bd7 18. b4 Qb7 19. Qb3 Rac8 20. Qa2 Qb8 21. Rfd1 Nd8
22. Nc3 Be6 23. Nd5 Nxd5 24. Bxd5 Rxc1 25. Bxc1 Bf6 26. Bb2 Re8 27. Qc4 b5 28.
Qb3 Qb6+ 29. Kf1 Bxd5 30. Qxd5 Ne6 31. Nxe5 Rd8 32. Nd7 Qc7 33. Bxf6 gxf6 34.
Nxf6+ Kh8 35. Nd7 Qxh2 36. Re1 Qh1+ 37. Kf2 Qxg2+ 38. Kxg2 Nf4+ 39. Kf2 Nxd5 40.
Ne5 1-0

[Event "ch-USA Seniors 2025"]
[Site "Saint Louis USA"]
[Date "2025.07.24"]
[Round "9.5"]
[White "Fishbein, Alexander"]
[Black "Benjamin, Joel"]
[Result "1-0"]
[WhiteTitle "GM"]
[BlackTitle "GM"]
[WhiteElo "2368"]
[BlackElo "2473"]
[WhiteFideId "2000377"]
[BlackFideId "2000091"]
[EventDate "2025.07.15"]

1. c4 e6 2. Nc3 Bb4 3. e4 Ne7 4. Nf3 O-O 5. d4 d5 6. Bd3 c5 7. a3 Ba5 8. cxd5
cxd4 9. Nxd4 exd5 10. O-O Bb6 11. Be3 Nbc6 12. Nxc6 bxc6 13. Bxb6 Qxb6 14. Qc2
h6 15. Rac1 Rb8 16. Na4 Qb3 17. exd5 Nxd5 18. Qxb3 Rxb3 19. Rfd1 Nb6 20. Bc2 Rb5
21. b4 Re5 22. Bb3 Rfe8 23. Nc5 Re2 24. Kf1 Bf5 25. Re1 Rxe1+ 26. Rxe1 Rxe1+ 27.
Kxe1 Kf8 28. Kd2 Ke7 29. Ke3 f6 30. Kd4 Kd6 31. h4 Nd7 32. Ne4+ Bxe4 33. Kxe4
Nb6 34. Kf5 Ke7 35. a4 Nc8 36. Bd1 Nd6+ 37. Kg6 Kf8 38. Bf3 Nc4 39. Kf5 Ne5 40.
Ke6 Ke8 41. Kd6 Kd8 42. Be2 Ng6 43. g3 Ne7 44. Bc4 1-0